| 000 | 00393nam a2200169Ia 4500 | ||
|---|---|---|---|
| 005 | 20250423100331.0 | ||
| 008 | 250422s9999 xx 000 0 und d | ||
| 020 | _a976-464-392-5 | ||
| 050 | _aKP 142 .E7/ | ||
| 100 | _aEsimokha, Godwin A. | ||
| 245 | 0 | _aNigeria media law and ethics | |
| 260 | _aLagos | ||
| 260 | _bGreat Achievers. | ||
| 260 | _c2014 | ||
| 300 | _a244 p | ||
| 942 | _cBK | ||
| 999 |
_c32989 _d32989 |
||